More To Lose - Miley Cyrus - All Lyrics - Statistics

General Stats
  • This quiz has been taken 4 times
  • The average score is 224 of 302
Answer Stats
Answer % Correct
a
100%
are
100%
I
100%
it
100%
just
100%
know
100%
like
100%
lose
100%
more
100%
no
100%
oh
100%
Oh,
100%
Say
100%
say
100%
So
100%
The
100%
the
100%
to
100%
Uh-uh
100%
we
100%
when
100%
wish
100%
you
100%
again
75%
again,
75%
all
75%
and
75%
And
75%
away
75%
but
75%
But
75%
comin'
75%
do
75%
don't
75%
don't,
75%
far
75%
go
75%
had
75%
happens
75%
have
75%
in
75%
is
75%
it's
75%
knew
75%
less
75%
mind
75%
my
75%
My
75%
on
75%
on,
75%
one
75%
'round
75%
stay,
75%
stay
75%
that
75%
thought
75%
time
75%
wasn't
75%
what
75%
wire
75%
would
75%
Yeah,
75%
yeah
75%
you'd
75%
you're
75%
You're
75%
baby
50%
'Cause
50%
'Cause,
50%
choose
50%
couldn't
50%
down
50%
ecstasy
50%
favorite
50%
God,
50%
hanging
50%
I'm
50%
lookin'
50%
Mm,
50%
Mm-mm
50%
mm-mm
50%
movie
50%
Na-na
50%
na-na,
50%
na-na
50%
our
50%
pray
50%
runnin'
50%
show
50%
someday
50%
star
50%
streamin'
50%
Stumbled
50%
tears
50%
through
50%
throw
50%
true,
50%
TV's
50%
We're
50%
before
25%
coat
25%
denim
25%
jeans
25%
Memories
25%
only
25%
playing
25%
pride,
25%
same
25%
tonight
25%
Tonight
25%
try
25%
worn-out
25%
chase
0%
fade
0%
leavin',
0%
liar
0%
road
0%
toe
0%
toe,
0%
No matching quizzes found
Score Distribution
Percent of People with Each Score
Percentile by Number Answered
Your Score History
You have not taken this quiz